expédition d'Egypte : journal d'un jeune savant engagé dans l'état-major de Bonaparte, 1798-1801 /

محفوظ في:

المؤلف الرئيسي: Villiers du Terrage, Edouard de (مؤلف)

التنسيق: كتاب

اللغة: French

منشور في: Paris : Cosmopole, 2003.

الموضوعات:

الوسوم: إضافة وسم

لا توجد وسوم, كن أول من يضع وسما على هذه التسجيلة!

رقم الطلب: DC225 .V72 2003

LEADER 00850nam a2200217Ia 4500
003 OSt
005 20251216105735.0
008 211223s2003 fr ab b 000 0 fre d
020 |a 2846300097 
040 |c ARCE Library 
050 4 |a DC225 .V72 2003 
100 1 |a Villiers du Terrage, Edouard de,   |e author 
245 1 0 |a expédition d'Egypte :   |b journal d'un jeune savant engagé dans l'état-major de Bonaparte, 1798-1801 /   |c Edouard de Villiers du Terrage ; présentation et dossier d'Alain Pigeard. 
264 1 |a Paris :   |b Cosmopole,   |c 2003. 
300 |a 420 p. :   |b ill., maps ;   |c 19 cm. 
504 |a Includes bibliographical references (p. 414-[417]) 
650 0 |a Savans francais   |z Egypt   |y 1789-1815   |v Biographies. 
651 0 |a France   |y 1798-1799 (Expedition d'Egypt)   |v Recits personnels. 
901 |a reviewed 
942 |2 lcc  |c BK 
999 |c 41272  |d 41272